000 01151cam a2200349 i 4500
001 16449711
003 EG-ScBUE
005 20241007104005.0
008 100908t2012 caua f b 001 0 eng d
020 _a0538498846
020 _a9780538498845
040 _aEG-ScBUE
_beng
_erda
_cEG-ScBUE
_dEG-ScBUE
082 0 4 _222
_a515
_bSTE
100 1 _aStewart, James,
_d1941-
_eauthor.
_930110
245 1 0 _aCalculus /
_cJames Stewart, McMaster University and University of Toronto.
250 _aSeventh edition.
250 _aMetric version.
264 1 _aBelmont, CA :
_bBrooks/Cole, Cengage Learning,
_c[2012]
264 4 _cc2012
300 _axxviii, 1194, 146 pages :
_bcolor illustrations ;
_c26 cm
336 _2rdacontent
_atext
_btxt
337 _aunmediated
_2rdamedia
_bn
338 _avolume
_bnc
_2rdacarrier
500 _aIncludes Appendices.
504 _aIncludes bibliographical references and index.
650 7 _aCalculus
_vTextbooks.
_2BUEsh
_930111
653 _cJune2012
655 _vReading book
942 _2ddc
_cBB
999 _c16764
_d16764